000 01130nam2a22002411 4500
001 v19\rc\1437581
005 20250618133252.0
035 _a(NLR Aleph) 004581794
090 _a2539424
_c2539424
100 _a20060620d1892 |||y0rusy50 ca
101 0 _arus
102 _aRU
105 _ay z |||||
200 0 _aс 1 января 1891 г. по 1-е января 1892 г.
210 _d[1892]
_aБ. м.
215 _a[4] с.
461 0 _1001v19\rc\1437562
_12001#$aОтчет Правления С.-Петербургского общества врачей-гомеопатов...$vс 1 января 1891 г. по 1-е января 1892 г.
_92539184
_aПетербургское о-во врачей-гомеопатов
_cСанкт-Петербург
_dценз. 1871-[1912]
_tОтчет Правления С.-Петербургского общества врачей-гомеопатов...
_vс 1 января 1891 г. по 1-е января 1892 г.
801 0 _aRU
_bNLR
_gpsbo
801 0 _aRU
_bRuMoRGB
_2psbo
801 1 _aRU
_bProSoft-M
_2rusmarc
899 _aRuMoRGB (1870-1910*)
_jA 240/153
942 _cBOOK
980 _aNB